[Event "Oberliga Baden 2122"]
[Site "Germany"]
[Date "2021.11.14"]
[Round "3.8"]
[White "Juelg, Gabriel"]
[Black "Schulz, Victor"]
[Result "1-0"]
[WhiteElo "2064"]
[BlackElo "1502"]
[PlyCount "63"]
[EventDate "2021.10.10"]
[EventType "team-tourn"]
[EventRounds "11"]
[EventCountry "GER"]
[SourceTitle "EXT 2023"]
[Source "ChessBase"]
[SourceDate "2022.10.05"]
[SourceVersion "1"]
[SourceVersionDate "2022.10.05"]
[SourceQuality "1"]
[WhiteTeam "Ettlingen"]
[BlackTeam "Baden-Baden III"]
[WhiteTeamCountry "GER"]
[BlackTeamCountry "GER"]

1. d4 d5 2. c4 c6 3. Nf3 Nf6 4. Nc3 Bf5 5. Qb3 Qb6 6. Qxb6 axb6 7. cxd5 Nxd5 8. Nxd5 cxd5 9. e3 e6 10. Bb5+ Nc6 11. Ne5 Rc8 12. Bd2 Bd6 13. Rc1 Bxe5 14. dxe5 0-0 15. Bc3 Nxe5 16. Ke2 Nc6 17. Rhd1 Rfd8 18. f3 f6 19. Ba4 Bg6 20. b4 d4 21. exd4 Nxd4+ 22. Bxd4 Rxc1 23. Rxc1 Rxd4 24. Bb3 Rxb4 25. Bxe6+ Kf8 26. Bb3 Rd4 27. Rc7 Rd6 28. Rxb7 Bd3+ 29. Ke3 b5 30. Rf7+ Ke8 31. Rxg7 Bg6 32. Rb7 1-0

[Event "GER-chT Christmas U16 Lasker"]
[Site "Playchess.com INT"]
[Date "2020.12.28"]
[Round "7.2"]
[White "Schulz, Victor"]
[Black "Hiebner, Carina"]
[Result "1-0"]
[WhiteElo "1510"]
[BlackElo "1558"]
[PlyCount "97"]
[EventDate "2020.12.28"]
[EventType "team-swiss (blitz)"]
[EventRounds "7"]
[EventCountry "GER"]
[SourceTitle "CBM 200 Extra"]
[Source "ChessBase"]
[SourceDate "2021.03.31"]
[SourceVersion "1"]
[SourceVersionDate "2021.03.31"]
[SourceQuality "1"]
[WhiteTeam "Baden-Baden II"]
[BlackTeam "Regensburg Bavaria"]
[WhiteTeamCountry "GER"]
[BlackTeamCountry "GER"]

1. e4 d6 2. d4 Nf6 3. Nc3 g6 4. Nf3 Bg7 5. Bc4 0-0 6. 0-0 Nxe4 7. Nxe4 d5 8. Bxd5 Qxd5 9. Nc3 Qd8 10. Bf4 a6 11. Re1 Bg4 12. Qe2 e6 13. Rad1 Nc6 14. Be3 Bxf3 15. Qxf3 Qf6 16. Qxf6 Bxf6 17. Ne4 Bg7 18. c3 Ne7 19. Nc5 b6 20. Nd3 Rfd8 21. Bf4 Nd5 22. Be5 Rac8 23. Bxg7 Kxg7 24. c4 Nf6 25. Ne5 c6 26. f4 c5 27. dxc5 bxc5 28. b3 Rd4 29. Rxd4 cxd4 30. Rd1 Nh5 31. Rxd4 Kf6 32. Nf3 Ng7 33. b4 Nf5 34. Re4 Nd6 35. Rd4 Nxc4 36. Kf2 h6 37. a4 Na3 38. Rd3 Rc2+ 39. Kg3 Nc4 40. b5 axb5 41. axb5 Rb2 42. Nd4 Na3 43. Rxa3 Rb1 44. Rb3 Rxb3+ 45. Nxb3 Ke7 46. Nd4 Kd6 47. Kf3 Kc5 48. Ke4 Kb6 49. Ke5 1-0